Bàn về tiểu thuyết
Tuyển chọn những luận văn của các nhà nghiên cứu văn học và các nhà viết tiểu thuyết nổi tiếng về cách viết tiểu thuyết, bố cục, xây dựng nhân vật, hình thức và cách đọc tiểu thuyết từ trước cách mạng tháng Tám và sau cách mạng tháng Tám ở hai miền Bắc và Nam...
Сохранить в:
| Другие авторы: | , , , |
|---|---|
| Формат: | |
| Язык: | Vietnamese |
| Опубликовано: |
H.
Văn hoá Thông tin
2000
|
| Предметы: | |
| Метки: |
Добавить метку
Нет меток, Требуется 1-ая метка записи!
|
| Thư viện lưu trữ: | Mạng thư viện Đại học Đà Nẵng |
|---|
| LEADER | 01607nam a2200385 4500 | ||
|---|---|---|---|
| 001 | 000004131 | ||
| 003 | 261 | ||
| 005 | 20121211001253.0 | ||
| 008 | 110715s2000 viesd | ||
| 020 | |c 42000 | ||
| 041 | 0 | |a vie | |
| 082 | |a 895.922 3 |b BAN | ||
| 245 | 0 | |a Bàn về tiểu thuyết |c Bùi Việt Thắng, Phạm Quỳnh, Thạch Lam, .. | |
| 260 | |a H. |b Văn hoá Thông tin |c 2000 | ||
| 300 | |a 442 tr |c 21 cm | ||
| 520 | |a Tuyển chọn những luận văn của các nhà nghiên cứu văn học và các nhà viết tiểu thuyết nổi tiếng về cách viết tiểu thuyết, bố cục, xây dựng nhân vật, hình thức và cách đọc tiểu thuyết từ trước cách mạng tháng Tám và sau cách mạng tháng Tám ở hai miền Bắc và Nam | ||
| 653 | |a Tiểu thuyết | ||
| 653 | |a Lịch sử Việt Nam | ||
| 653 | |a Nghiên cứu văn học | ||
| 653 | |a Văn học hiện đại | ||
| 700 | |a Phạm Quỳnh |e Tác giả | ||
| 700 | |a Thạch Lam |e Tác giả | ||
| 700 | |a Vũ Bằng |e Tác giả | ||
| 700 | |a Nhất Linh |e Tác giả | ||
| 910 | |a Nguyễn Thị Kim Oanh |d 15/ 07/ 2011 | ||
| OWN | |a LSP | ||
| AVA | |a UDN50 |b LSP |d 895.922 3 BAN |e available |t Error 5001 Not defined in file expand_doc_bib_avail. |f 5 |g 0 |h N |i 1 |k 1 | ||
| 999 | |a From the UDN01 | ||
| AVA | |a UDN50 |b LSP |d 895.922 3 BAN |e available |t Error 5001 Not defined in file expand_doc_bib_avail. |f 5 |g 0 |h N |i 1 |k 1 | ||
| TYP | |a Monograph | ||
| TYP | |a Printed language | ||
| 980 | |a Mạng thư viện Đại học Đà Nẵng | ||